Технология бурения и оборудование эксплуатационных скважин при отработке месторождений урана методом подземного выщелачивания: учебное пособие

書目詳細資料
主要作者: Брылин В. И. Владимир Иванович
企業作者: Национальный исследовательский Томский политехнический университет (ТПУ)
總結:Заглавие с титульного экрана
Электронная версия печатной публикации
В пособии приведены основные сведения об эксплуатационных скважинах подземного выщелачивания урана и дана их классификация. Рассмотрены вопросы технологии сооружения скважин: выбор и обоснование конструкции, оборудование фильтрами, технологическая оснастка устья, цементирование и гидроизоляция. Детально изложены процессы вскрытия и освоения продуктивного горизонта, технология и техника для подъёма растворов. Предназначено для студентов, обучающихся на геологоразведочных и горных факультетах, а также инженерно-технических работников, занимающихся сооружением технологических скважин при подземном выщелачивании урана.
Режим доступа: из корпоративной сети ТПУ
語言:俄语
出版: Томск, Изд-во ТПУ, 2010
主題:
在線閱讀:http://www.lib.tpu.ru/fulltext2/m/2011/m87.pdf
格式: 電子 圖書
KOHA link:https://koha.lib.tpu.ru/cgi-bin/koha/opac-detail.pl?biblionumber=194375

MARC

LEADER 00000nlm0a2200000 4500
001 194375
005 20231101224542.0
035 |a (RuTPU)RU\TPU\book\211997 
090 |a 194375 
100 |a 20110413d2010 m y0rusy50 ca 
101 0 |a rus 
102 |a RU 
105 |a a j 001zy 
135 |a drcn ---uucaa 
181 0 |a i  
182 0 |a b 
200 1 |a Технология бурения и оборудование эксплуатационных скважин при отработке месторождений урана методом подземного выщелачивания  |b Электронный ресурс  |e учебное пособие  |f В. И. Брылин  |g Национальный исследовательский Томский политехнический университет (ТПУ) 
203 |a Текст  |c электронный 
210 |a Томск  |c Изд-во ТПУ  |d 2010 
230 |a 1 компьютерный файл (pdf; 4.5 MB) 
300 |a Заглавие с титульного экрана 
300 |a Электронная версия печатной публикации 
330 |a В пособии приведены основные сведения об эксплуатационных скважинах подземного выщелачивания урана и дана их классификация. Рассмотрены вопросы технологии сооружения скважин: выбор и обоснование конструкции, оборудование фильтрами, технологическая оснастка устья, цементирование и гидроизоляция. Детально изложены процессы вскрытия и освоения продуктивного горизонта, технология и техника для подъёма растворов. Предназначено для студентов, обучающихся на геологоразведочных и горных факультетах, а также инженерно-технических работников, занимающихся сооружением технологических скважин при подземном выщелачивании урана. 
333 |a Режим доступа: из корпоративной сети ТПУ 
337 |a Adobe Reader 
452 1 |0 (RuTPU)RU\TPU\book\206290  |y 978-5-98298-528-8  |t Технология бурения и оборудование эксплуатационных скважин при отработке месторождений урана методом подземного выщелачивания  |o учебное пособие   |f В. И. Брылин  |g Национальный исследовательский Томский политехнический университет (ТПУ)  |c Томск  |n Изд-во ТПУ  |d 2010  |p 210 с.  |a Брылин, Владимир Иванович 
606 1 |a Урановые руды  |x Выщелачивание подземное  |2 stltpush  |3 (RuTPU)RU\TPU\subj\63199  |9 80230 
610 1 |a электронный ресурс 
610 1 |a труды учёных ТПУ 
610 1 |a урановые месторождения 
610 1 |a полезные ископаемые 
610 1 |a добыча 
610 1 |a геотехнологические методы 
610 1 |a физико-механические свойства 
610 1 |a геотехнологические скважины 
610 1 |a конструкции 
610 1 |a крепление 
610 1 |a цементирование 
610 1 |a гидроизоляция 
610 1 |a растворы 
610 1 |a беструбное крепление 
610 1 |a подъем 
610 1 |a техника 
610 1 |a технологические скважины 
610 1 |a окружающая среда 
610 1 |a учебные пособия 
675 |a 622.234.42(075.8)  |v 3 
700 1 |a Брылин  |b В. И.  |c горный инженер, специалист в области бурения скважин  |c доцент Томского политехнического университета, кандидат технических наук  |f 1940-  |g Владимир Иванович  |2 stltpush  |3 (RuTPU)RU\TPU\pers\26274 
712 0 2 |a Национальный исследовательский Томский политехнический университет (ТПУ)  |c (2009- )  |2 stltpush  |3 (RuTPU)RU\TPU\col\15902 
801 1 |a RU  |b 63413507  |c 20110413 
856 4 |u http://www.lib.tpu.ru/fulltext2/m/2011/m87.pdf 
942 |c CF